[Event "Hradec Kralove op 8th"]
[Site "Hradec Kralove"]
[Date "2017.10.07"]
[Round "8"]
[White "Zochowski, Janusz"]
[Black "Leutwyler, Matthias"]
[Result "1/2-1/2"]
[WhiteElo "1926"]
[BlackElo "2109"]
[PlyCount "98"]
[EventDate "2017.10.01"]
[EventType "swiss"]
[EventRounds "9"]
[EventCountry "CZE"]
[SourceTitle "CBM 181 Extra"]
[Source "ChessBase"]
[SourceDate "2017.12.12"]
[SourceVersion "1"]
[SourceVersionDate "2017.12.12"]
[SourceQuality "1"]

1. d4 d5 2. c4 dxc4 3. e3 e5 4. Nf3 exd4 5. exd4 Bd6 6. Bxc4 Nf6 7. 0-0 0-0 8. Nc3 Nc6 9. Re1 Bg4 10. Be3 h6 11. h3 Bf5 12. Nh4 Bh7 13. Qf3 Nd7 14. Nf5 Qf6 15. Bd3 Nb4 16. Bb1 Rae8 17. a3 Nc6 18. Nd5 Qd8 19. Qg4 Qg5 20. Qd1 Qd8 21. Qf3 Kh8 22. Bc2 Nf6 23. Nc3 Qd7 24. g4 Ne7 25. Rad1 Bxf5 26. gxf5 c6 27. d5 c5 28. Ba4 Qxf5 29. Qxf5 Nxf5 30. Bxe8 Rxe8 31. Nb5 b6 32. Nxd6 Nxd6 33. Bf4 Rd8 34. Bxd6 Rxd6 35. Re7 Nxd5 36. Re5 Rg6+ 37. Kf1 Nf4 38. Re3 a6 39. Rd7 Rf6 40. Ree7 Kg8 41. h4 a5 42. Kg1 Nh3+ 43. Kg2 Nxf2 44. Rb7 Nd3 45. b3 Nf4+ 46. Kg3 Nd3 47. Rb8+ Kh7 48. Rc8 Rg6+ 49. Kf3 Re6 1/2-1/2

[Event "Hradec Kralove op 8th"]
[Site "Hradec Kralove"]
[Date "2017.10.05"]
[Round "6"]
[White "Zochowski, Janusz"]
[Black "Riha, Vojtech"]
[Result "1-0"]
[WhiteElo "1926"]
[BlackElo "2108"]
[PlyCount "127"]
[EventDate "2017.10.01"]
[EventType "swiss"]
[EventRounds "9"]
[EventCountry "CZE"]
[SourceTitle "CBM 181 Extra"]
[Source "ChessBase"]
[SourceDate "2017.12.12"]
[SourceVersion "1"]
[SourceVersionDate "2017.12.12"]
[SourceQuality "1"]

1. d4 Nf6 2. c4 e6 3. Nc3 c5 4. d5 exd5 5. cxd5 d6 6. e4 g6 7. Nf3 Bg7 8. Be2 0-0 9. 0-0 a6 10. a4 Bg4 11. Nd2 Bxe2 12. Qxe2 Nbd7 13. Re1 Re8 14. Qf1 Rb8 15. a5 Ne5 16. f4 Neg4 17. Nf3 Nh5 18. h3 Ng3 19. Qd3 c4 20. Qc2 Nf6 21. Kh2 Nfh5 22. Be3 Qf6 23. e5 dxe5 24. fxe5 Rxe5 25. Nxe5 Qxe5 26. Bf2 Ne2+ 27. g3 Nhxg3 28. Kg2 Qg5 29. Nxe2 Nxe2+ 30. Kf1 Nf4 31. Be3 Re8 32. Qf2 Re4 33. Qf3 Qxd5 34. Rad1 Nd3 35. Re2 Qc6 36. Kg2 Ne5 37. Rd8+ Bf8 38. Rxf8+ Kxf8 39. Bh6+ Kg8 40. Qxe4 f5 41. Qxc6 Nxc6 42. Bd2 Kf7 43. Bc3 g5 44. Kf3 h6 45. Kg3 Ne7 46. Re5 h5 47. Rc5 Kg6 48. Rc7 f4+ 49. Kf3 Nf5 50. Rxb7 Nh4+ 51. Ke4 f3 52. Be1 Ng2 53. Rb6+ Kf7 54. Bf2 Nf4 55. h4 Nd3 56. Kxf3 gxh4 57. Bxh4 Ke8 58. Bf6 Kd7 59. Bd4 h4 60. Rxa6 h3 61. Kg3 Nb4 62. Rh6 Nc6 63. Bc3 Ne7 64. Kxh3 1-0

[Event "Dzwirzyno Gminy Cup"]
[Site "Dzwirzyno"]
[Date "2016.??.??"]
[Round "7"]
[White "Laszewski, Kazimierz"]
[Black "Zochowski, Janusz"]
[Result "0-1"]
[WhiteElo "1729"]
[BlackElo "1935"]
[PlyCount "92"]
[EventDate "2016.09.30"]
[EventType "swiss"]
[EventRounds "9"]
[EventCountry "POL"]
[SourceTitle "EXT 2018"]
[Source "ChessBase"]
[SourceDate "2017.10.13"]
[SourceVersion "1"]
[SourceVersionDate "2017.10.13"]
[SourceQuality "1"]

1. e4 e5 2. Nf3 Nc6 3. Bb5 a6 4. Ba4 Nf6 5. 0-0 Nxe4 6. Re1 Nc5 7. Bxc6 dxc6 8. Nxe5 Be7 9. d4 Ne6 10. c3 0-0 11. Nd2 c5 12. dxc5 Nxc5 13. Nf1 Be6 14. Be3 Qxd1 15. Rexd1 Na4 16. Rd2 Rad8 17. b3 Nxc3 18. Ng3 Bf6 19. f4 Nd5 20. Re1 c6 21. Bc5 Rfe8 22. Ne2 Nxf4 23. Rxd8 Nxe2+ 24. Rxe2 Rxd8 25. Bb6 Rd1+ 26. Kf2 g6 27. h3 Bh4+ 28. Ke3 Bg5+ 29. Kf2 Bd5 30. Nf3 Bxf3 31. Kxf3 Rd3+ 32. Ke4 Rd7 33. Bc5 f5+ 34. Kf3 Rd3+ 35. Kf2 Rd2 36. a4 Kf7 37. a5 Rxe2+ 38. Kxe2 Ke6 39. b4 Be7 40. Bxe7 Kxe7 41. Ke3 Ke6 42. Kd4 Kd6 43. h4 h6 44. g3 g5 45. h5 Ke6 46. Kd3 Kd5 0-1

[Event "Dzwirzyno Gminy Cup"]
[Site "Dzwirzyno"]
[Date "2016.??.??"]
[Round "6"]
[White "Zochowski, Janusz"]
[Black "Bregoszewski, Leon"]
[Result "1/2-1/2"]
[WhiteElo "1935"]
[BlackElo "1602"]
[PlyCount "77"]
[EventDate "2016.09.30"]
[EventType "swiss"]
[EventRounds "9"]
[EventCountry "POL"]
[SourceTitle "EXT 2018"]
[Source "ChessBase"]
[SourceDate "2017.10.13"]
[SourceVersion "1"]
[SourceVersionDate "2017.10.13"]
[SourceQuality "1"]

1. e4 c5 2. Nf3 Nc6 3. d4 cxd4 4. Nxd4 a6 5. Nc3 e6 6. Nxc6 bxc6 7. Bd3 d5 8. 0-0 g6 9. f4 Bg7 10. Qf3 dxe4 11. Bxe4 Ne7 12. Bxc6+ Nxc6 13. Qxc6+ Bd7 14. Qd6 Qe7 15. Qxe7+ Kxe7 16. Be3 Rhc8 17. Bd2 Bd4+ 18. Kh1 Bc6 19. Rab1 h5 20. Ne2 Ba7 21. Nc3 h4 22. h3 Bd4 23. Ne2 Bf6 24. Bb4+ Ke8 25. Bc3 Be7 26. Nd4 Be4 27. Rfe1 f5 28. Nxe6 Bxc2 29. Rbc1 Be4 30. Be5 Kf7 31. Nc7 Ra7 32. Red1 Rd8 33. Rxd8 Bxd8 34. Rc5 g5 35. fxg5 Bxg5 36. Nd5 Bd8 37. Nc3 Ba8 38. Bf4 Kg6 39. Rc4 1/2-1/2

[Event "Dzwirzyno Gminy Cup"]
[Site "Dzwirzyno"]
[Date "2016.??.??"]
[Round "2"]
[White "Zochowski, Janusz"]
[Black "Rogala, Milosz"]
[Result "1/2-1/2"]
[WhiteElo "1935"]
[BlackElo "1641"]
[PlyCount "48"]
[EventDate "2016.09.30"]
[EventType "swiss"]
[EventRounds "9"]
[EventCountry "POL"]
[SourceTitle "EXT 2018"]
[Source "ChessBase"]
[SourceDate "2017.10.13"]
[SourceVersion "1"]
[SourceVersionDate "2017.10.13"]
[SourceQuality "1"]

1. e4 c6 2. d4 d5 3. Nc3 dxe4 4. Nxe4 Nd7 5. Nf3 Ngf6 6. Bd3 Nxe4 7. Bxe4 Nf6 8. Bd3 Bg4 9. c3 e6 10. Bg5 Be7 11. h3 Bxf3 12. Qxf3 Qd5 13. Qxd5 Nxd5 14. Bd2 0-0-0 15. Rd1 h6 16. 0-0 Bf6 17. f4 g6 18. g4 h5 19. g5 Be7 20. b4 b5 21. Be4 Kb7 22. a4 a6 23. a5 Rc8 24. h4 Bd6 1/2-1/2

[Event "Hradec Kralove op"]
[Site "Hradec Kralove"]
[Date "2014.10.25"]
[Round "9"]
[White "Paldus, Petr"]
[Black "Zochowski, Janusz"]
[Result "1/2-1/2"]
[WhiteElo "2010"]
[BlackElo "1919"]
[PlyCount "42"]
[EventDate "2014.10.18"]
[EventType "swiss"]
[EventRounds "9"]
[EventCountry "CZE"]
[SourceTitle "EXT 2015"]
[Source "ChessBase"]
[SourceDate "2014.11.20"]
[SourceVersion "1"]
[SourceVersionDate "2014.11.20"]
[SourceQuality "1"]

1. e4 e5 2. Nf3 Nc6 3. Nc3 Nf6 4. d4 exd4 5. Nxd4 Bb4 6. Nxc6 bxc6 7. Bd3 d5 8. exd5 0-0 9. 0-0 cxd5 10. Bg5 Be6 11. Ne2 h6 12. Bh4 Bd6 13. Nd4 c5 14. Nxe6 fxe6 15. c4 Qc7 16. Bg3 Rad8 17. Qe2 Rde8 18. Rae1 d4 19. a3 Bxg3 20. hxg3 e5 21. Be4 Qd6 1/2-1/2

[Event "Hradec Kralove op"]
[Site "Hradec Kralove"]
[Date "2014.10.23"]
[Round "7"]
[White "Flasar, Jaroslav"]
[Black "Zochowski, Janusz"]
[Result "1-0"]
[WhiteElo "1989"]
[BlackElo "1919"]
[PlyCount "53"]
[EventDate "2014.10.18"]
[EventType "swiss"]
[EventRounds "9"]
[EventCountry "CZE"]
[SourceTitle "EXT 2015"]
[Source "ChessBase"]
[SourceDate "2014.11.20"]
[SourceVersion "1"]
[SourceVersionDate "2014.11.20"]
[SourceQuality "1"]

1. e4 e5 2. Nc3 Nf6 3. d3 d5 4. exd5 Nxd5 5. Nf3 Nc6 6. Be2 Bb4 7. Bd2 0-0 8. 0-0 Re8 9. a3 Nxc3 10. bxc3 Bc5 11. Be3 Qe7 12. d4 exd4 13. cxd4 Bxa3 14. d5 Nb8 15. Re1 Bb4 16. Bd2 Bxd2 17. Qxd2 Qf6 18. Bd3 Rd8 19. Ra4 Nd7 20. Rf4 Qd6 21. Bxh7+ Kf8 22. Rxf7+ Kxf7 23. Ng5+ Kf8 24. Ne6+ Ke7 25. Qg5+ Nf6 26. Qxg7+ Ke8 27. Bg6# 1-0

[Event "Rychnov Seniors op"]
[Site "Rychnov nad Kneznou"]
[Date "2012.08.28"]
[Round "9"]
[White "Jerman, Richard"]
[Black "Zochowski, Janusz"]
[Result "0-1"]
[WhiteElo "2107"]
[BlackElo "1936"]
[PlyCount "78"]
[EventDate "2012.08.20"]
[EventType "swiss"]
[EventRounds "9"]
[EventCountry "CZE"]
[SourceTitle "CBM 150 Extra"]
[Source "ChessBase"]
[SourceDate "2012.10.19"]
[SourceVersion "1"]
[SourceVersionDate "2012.10.19"]
[SourceQuality "1"]

1. c4 e5 2. Nc3 Nf6 3. e4 Bc5 4. d3 0-0 5. Bg5 h6 6. Bh4 c6 7. Nf3 d6 8. Qd2 Bg4 9. Be2 a5 10. h3 Bxf3 11. Bxf3 Na6 12. g4 g5 13. Bg3 Nh7 14. h4 Qf6 15. Be2 Nc7 16. hxg5 hxg5 17. 0-0-0 Rfb8 18. Rh5 Ne6 19. Rdh1 Nhf8 20. Rh8+ Qxh8 21. Rxh8+ Kxh8 22. a3 Bd4 23. Bd1 Kg7 24. Ne2 f6 25. Qe1 b5 26. b3 Nd7 27. Nxd4 Nxd4 28. Qc3 Nc5 29. b4 axb4 30. axb4 Na4 31. Qe1 bxc4 32. dxc4 Nb6 33. Qc3 c5 34. b5 Ra2 35. f4 gxf4 36. Bh4 Rba8 37. g5 Ra1+ 38. Kd2 R8a2+ 39. Ke1 Re2+ 0-1

[Event "POL-ch Amateurs"]
[Site "Wroclaw"]
[Date "2011.07.03"]
[Round "5"]
[White "Zochowski, Janusz"]
[Black "Daleczko, Wladyslaw"]
[Result "1-0"]
[WhiteElo "1919"]
[BlackElo "1581"]
[PlyCount "193"]
[EventDate "2011.07.01"]
[EventType "swiss"]
[EventRounds "7"]
[EventCountry "POL"]
[SourceTitle "EXT 2023"]
[Source "ChessBase"]
[SourceDate "2022.10.05"]
[SourceVersion "1"]
[SourceVersionDate "2022.10.05"]
[SourceQuality "1"]

1. e4 d6 2. d4 Nf6 3. Nc3 g6 4. f4 Bg7 5. Nf3 0-0 6. Bd3 Na6 7. 0-0 c5 8. d5 Nc7 9. Qe1 a6 10. a4 b6 11. Nd1 Bd7 12. c4 b5 13. Nc3 bxc4 14. Bxc4 a5 15. Qe2 Qc8 16. Kh1 Nfe8 17. Bd2 Na6 18. Nd1 Nb4 19. Bc3 f6 20. Nf2 e5 21. fxe5 fxe5 22. b3 Nf6 23. Rac1 h6 24. Bxb4 axb4 25. Bb5 Rb8 26. Bxd7 Qxd7 27. Nd2 Rf7 28. Nc4 Bf8 29. Rce1 Be7 30. Qe3 Kg7 31. Qh3 Qxh3 32. Nxh3 Rbf8 33. Kg1 Nh5 34. Rxf7+ Rxf7 35. g3 Rf3 36. Re3 Rf7 37. Kg2 Nf6 38. Nf2 Ne8 39. Rf3 Nc7 40. Rxf7+ Kxf7 41. Ng4 Bf8 42. Na5 Na6 43. Nc6 Nc7 44. Na5 Na6 45. Nc6 c4 46. Na5 c3 47. Ne3 Nc5 48. Kf3 Be7 49. Nc2 Bd8 50. Nc6 Nxb3 51. Nxd8+ Ke8 52. Nc6 Nd2+ 53. Ke2 b3 54. Na3 Nb1 55. Kd3 Nxa3 56. Kxc3 Nc4 57. a5 b2 58. Kc2 Kd7 59. a6 Kc7 60. Ne7 b1Q+ 61. Kxb1 Nd2+ 62. Kc2 Nxe4 63. Nxg6 Nf6 64. Ne7 Kb6 65. Nf5 Kxa6 66. Nxd6 Ka7 67. Nf7 e4 68. Nxh6 Nxd5 69. g4 Kb6 70. g5 Kc5 71. g6 Kd4 72. g7 Nf6 73. Kd2 e3+ 74. Ke2 Ke4 75. g8Q Nxg8 76. Nxg8 Kf4 77. Nf6 Kf5 78. Nd5 Kg4 79. Nxe3+ Kh3 80. Nf1 Kg4 81. Kf2 Kh3 82. Kf3 Kh4 83. Kg2 Kg4 84. Nd2 Kh4 85. h3 Kg5 86. Kg3 Kh5 87. h4 Kh6 88. Kg4 Kg6 89. h5+ Kh6 90. Kh4 Kh7 91. Kg5 Kg7 92. h6+ Kh7 93. Kh5 Kg8 94. Kg6 Kh8 95. Ne4 Kg8 96. Nd6 Kh8 97. Nf7+ 1-0

[Event "POL-ch Amateurs"]
[Site "Wroclaw"]
[Date "2011.07.01"]
[Round "1"]
[White "Zochowski, Janusz"]
[Black "Lesniowski, Boguslaw"]
[Result "1/2-1/2"]
[WhiteElo "1919"]
[BlackElo "1612"]
[PlyCount "145"]
[EventDate "2011.07.01"]
[EventType "swiss"]
[EventRounds "7"]
[EventCountry "POL"]
[SourceTitle "EXT 2023"]
[Source "ChessBase"]
[SourceDate "2022.10.05"]
[SourceVersion "1"]
[SourceVersionDate "2022.10.05"]
[SourceQuality "1"]

1. e4 c5 2. Nf3 d6 3. d4 cxd4 4. Nxd4 Nf6 5. Nc3 a6 6. Bg5 e6 7. f4 h6 8. Bh4 Qb6 9. Qd2 Qxb2 10. Rb1 Qa3 11. Be2 Be7 12. 0-0 Nc6 13. Nxc6 bxc6 14. Bf2 Nd7 15. Bd4 0-0 16. Rf3 Qa5 17. Kh1 e5 18. Be3 exf4 19. Bxf4 Ne5 20. Nd5 Qd8 21. Nxe7+ Qxe7 22. Rg3 Kh7 23. Rc3 c5 24. Rcb3 Ra7 25. Rb6 Rd8 26. Rd1 Rad7 27. Bxa6 Bxa6 28. Rxa6 d5 29. Qe1 d4 30. Qg3 Ng6 31. e5 Ra7 32. Rxa7 Qxa7 33. a3 Qa4 34. Qd3 c4 35. Qe4 Qxa3 36. h3 Qc5 37. Be3 Qxe5 38. Qxe5 Nxe5 39. Bxd4 Nc6 40. c3 Nxd4 41. cxd4 Kg6 42. d5 Kf6 43. Rd4 c3 44. Rc4 Rxd5 45. Rxc3 Rd2 46. Kh2 h5 47. h4 Rf2 48. Kg3 Rf5 49. Re3 g6 50. Kh3 Re5 51. Rf3+ Ke6 52. g4 hxg4+ 53. Kxg4 Rh5 54. Re3+ Kd5 55. Re7 f6 56. Re8 Kd6 57. Re2 Re5 58. Rd2+ Ke6 59. Rd4 Re1 60. Ra4 Rg1+ 61. Kf4 f5 62. Kf3 Ke5 63. Ra5+ Kd4 64. h5 gxh5 65. Kf4 Rf1+ 66. Kg5 f4 67. Ra4+ Ke3 68. Ra3+ Ke2 69. Kxh5 Rg1 70. Ra2+ Kf1 71. Ra1+ Kf2 72. Rxg1 Kxg1 73. Kg4 1/2-1/2

[Event "Polanica Zdroj op-A 46th"]
[Site "Polanica Zdroj"]
[Date "2010.08.28"]
[Round "10"]
[White "Czyz, Artur"]
[Black "Zochowski, Janusz"]
[Result "1-0"]
[WhiteElo "2061"]
[BlackElo "1936"]
[PlyCount "51"]
[EventDate "2010.08.19"]
[EventType "swiss"]
[EventRounds "10"]
[EventCountry "POL"]
[SourceTitle "CBM 138 Extra"]
[Source "ChessBase"]
[SourceDate "2010.10.29"]
[SourceVersion "1"]
[SourceVersionDate "2010.10.29"]
[SourceQuality "1"]

1. e4 e5 2. Nf3 Nc6 3. Bb5 a6 4. Ba4 Nf6 5. Qe2 Bc5 6. 0-0 0-0 7. c3 b5 8. Bb3 d6 9. h3 Re8 10. d3 Be6 11. Nbd2 d5 12. Rd1 Qd7 13. Nf1 Rad8 14. Ng5 h6 15. Nxe6 Qxe6 16. Ng3 Ne7 17. Be3 Qc6 18. d4 Bb6 19. dxe5 Nxe4 20. Nxe4 dxe4 21. Bxb6 Rxd1+ 22. Rxd1 Qxb6 23. Qxe4 Ng6 24. e6 Kh7 25. h4 h5 26. Qf5 1-0

[Event "Polanica Zdroj op-A 46th"]
[Site "Polanica Zdroj"]
[Date "2010.08.23"]
[Round "5"]
[White "Malec, Sebastian"]
[Black "Zochowski, Janusz"]
[Result "1-0"]
[WhiteElo "2108"]
[BlackElo "1936"]
[PlyCount "35"]
[EventDate "2010.08.19"]
[EventType "swiss"]
[EventRounds "10"]
[EventCountry "POL"]
[SourceTitle "CBM 138 Extra"]
[Source "ChessBase"]
[SourceDate "2010.10.29"]
[SourceVersion "1"]
[SourceVersionDate "2010.10.29"]
[SourceQuality "1"]

1. e4 e5 2. Nf3 Nc6 3. Bc4 Bc5 4. c3 Nf6 5. d4 exd4 6. e5 Ng4 7. cxd4 Bb4+ 8. Bd2 Bxd2+ 9. Nbxd2 d6 10. h3 Nh6 11. 0-0 0-0 12. Rc1 Nf5 13. Nb3 Nh4 14. Re1 Nxf3+ 15. Qxf3 Qh4 16. exd6 cxd6 17. Qxf7+ Rxf7 18. Re8# 1-0

[Event "Polanica Zdroj op-A 46th"]
[Site "Polanica Zdroj"]
[Date "2010.08.22"]
[Round "4"]
[White "Zochowski, Janusz"]
[Black "Chrzaszcz, Malvina"]
[Result "1/2-1/2"]
[WhiteElo "1936"]
[BlackElo "2032"]
[PlyCount "92"]
[EventDate "2010.08.19"]
[EventType "swiss"]
[EventRounds "10"]
[EventCountry "POL"]
[SourceTitle "CBM 138 Extra"]
[Source "ChessBase"]
[SourceDate "2010.10.29"]
[SourceVersion "1"]
[SourceVersionDate "2010.10.29"]
[SourceQuality "1"]

1. d4 Nf6 2. c4 e6 3. Nc3 Bb4 4. Qc2 d5 5. cxd5 exd5 6. Bg5 h6 7. Bxf6 Qxf6 8. a3 Bxc3+ 9. Qxc3 Nc6 10. e3 0-0 11. Bb5 Qg6 12. Ne2 Qxg2 13. 0-0-0 a6 14. Nf4 Qxf2 15. Rd2 Qh4 16. Bxc6 bxc6 17. Qxc6 Rb8 18. Rg1 Bb7 19. Qc2 Qe7 20. Rg3 Kh8 21. Rdg2 g5 22. Nd3 f6 23. Qf2 Bc8 24. h4 g4 25. Qf4 Kh7 26. Rc2 Rf7 27. Rgg2 Rb3 28. Kd2 h5 29. Rf2 g3 30. Qxg3 Bg4 31. Nc5 Rb6 32. Qf4 f5 33. Qg3 Rg7 34. Qh2 Rb8 35. Nxa6 Re8 36. Rc3 Qe4 37. Kc1 c6 38. Nc5 Qe7 39. Rb3 Qf6 40. Qf4 Qxh4 41. Rb7 Rxb7 42. Nxb7 Qh3 43. Kd2 Qh1 44. Rf1 Qg2+ 45. Rf2 Qh1 46. Rf1 Qg2+ 1/2-1/2

[Event "Polanica Zdroj op-A 46th"]
[Site "Polanica Zdroj"]
[Date "2010.08.20"]
[Round "2"]
[White "Szusterowski, Radoslaw"]
[Black "Zochowski, Janusz"]
[Result "1-0"]
[WhiteElo "2042"]
[BlackElo "1936"]
[PlyCount "55"]
[EventDate "2010.08.19"]
[EventType "swiss"]
[EventRounds "10"]
[EventCountry "POL"]
[SourceTitle "CBM 138 Extra"]
[Source "ChessBase"]
[SourceDate "2010.10.29"]
[SourceVersion "1"]
[SourceVersionDate "2010.10.29"]
[SourceQuality "1"]

1. d4 d5 2. c4 e6 3. Nf3 c5 4. cxd5 exd5 5. Nc3 Nc6 6. g3 Nf6 7. Bg2 Be7 8. 0-0 0-0 9. dxc5 Bxc5 10. Bg5 d4 11. Bxf6 Qxf6 12. Nd5 Qd8 13. Nd2 a6 14. Nb3 Ba7 15. Rc1 Re8 16. Nf4 Qf6 17. Nc5 Nd8 18. Nd5 Qd6 19. Ne4 Rxe4 20. Bxe4 Nc6 21. Nf4 Bg4 22. Qb3 Rb8 23. h3 g5 24. hxg4 gxf4 25. Kg2 Re8 26. Qxb7 Rxe4 27. Rxc6 Re7 28. Qa8+ 1-0